| 000 | 00667nam a22001817a 4500 | ||
|---|---|---|---|
| 003 | 0 | ||
| 005 | 20160609165252.0 | ||
| 008 | 100108t xxu||||| |||| 00| 0 eng d | ||
| 037 |
_aM15412 _bBIBLIO |
||
| 040 |
_aUAC _bF _cEPAC |
||
| 082 | _a27.APE/BOK | ||
| 100 |
_aFrechno Ermite BOKO _92614 |
||
| 245 | _aEffet de l'inoculation avec BradyrhizobiumJaponicum et de l'apport de phosphore sur la croissance et la production du soja (Glycine Max (L) Merill) cultivé sur sol ferralitique(terre de barre) à Sékou au Sud du Bénin | ||
| 260 |
_aEPAC _bBIBLIO _c2007-2008 |
||
| 300 |
_aI-60p _c29cm |
||
| 650 |
_aAMENAGEMENT PROTECTION ENVIRONNEMENT _92615 |
||
| 942 | _cTHE | ||
| 999 |
_c46673 _d46673 |
||